Reliez le dessin animé à son personnage #2 Click - Statistiques

Statistiques générales
  • Ce quiz a été pris 128 fois
  • Le résultat moyen est 11 sur 23
Statistiques - réponses
Hint Réponse % Correct
Abraracourcix, le chef du village Astérix le Gaulois
90%
George Pig Peppa Pig
89%
Barbabelle Barbapapa
86%
Judy Hopps Zootopie
73%
Sinbad le marin Sinbad : La Légende des sept mers
65%
Jack Frost Les Cinq Légendes
63%
Niko Niko, le petit renne : Mission père Noël
60%
Gwen Stacy Spider-Man: New Generation
57%
Tsubasa Ozora Olive et Tom
55%
Bear Macha et l'ours
54%
Hiro Hamada Les Nouveaux Héros
52%
Astrid Hofferson Dragons
43%
Sally Carrera Cars
39%
Mr. Wolf Les Bad Guys
38%
Jim Hawkins La Planète au trésor : Un nouvel univers
36%
Francœur Un monstre à Paris
30%
Barry B. Benson Bee Movie : Drôle d'abeille
28%
Sky Paw Patrol, la Pat'Patrouille
26%
Rui Kisugi Signé Cat's Eyes
24%
Meena Tous en scène 2
16%
Pumpkin Klaus
12%
RJ Nos voisins, les hommes
10%
Mamoudou Athie Élémentaire
9%
Aucun quiz correspondant
Distribution des résultats
% des personnes avec chaque résultat
Percentile par nombre de réponses
Votre historique - résultats
Vous n’avez pas pris ce quiz